| 000 | 01982cam a22004217a 4500 | ||
|---|---|---|---|
| 003 | CHAP | ||
| 005 | 20220329140947.0 | ||
| 008 | 971013s1996 mx r 00110 spa d | ||
| 010 | _a60507 | ||
| 011 | _a61479 | ||
| 035 | _a65645 | ||
| 040 | _cCHAP | ||
| 082 |
_a338.972 _bI59 1995 Tamps. |
||
| 110 | 2 |
_aInstituto Nacional de Estadística, Geografía e Informática. México _959304 |
|
| 245 | 1 | 0 |
_aCuaderno estadístico municipal _b: Tamaulipas |
| 260 |
_aAguascalientes, Ags. : _bInstituto Nacional de Estadística, Geografía e Informática, _c1996-19 |
||
| 300 | _av. | ||
| 500 | _aLa biblioteca tiene : v.1 Nuevo Laredo.--v.2 Reynosa.--v.3 Río Bravo | ||
| 590 |
_aBATCH-UPD _b10 _c20130110 _lUCH01 _h0138 |
||
| 590 |
_aBATCH-UPD _b10 _c20130110 _lUCH01 _h1829 |
||
| 590 |
_aBATCH-UPD _b10 _c20130409 _lUCH01 _h2136 |
||
| 590 |
_aBATCH-UPD _b10 _c20130410 _lUCH01 _h1201 |
||
| 590 |
_aBATCH-UPD _b10 _c20130913 _lUCH01 _h2043 |
||
| 590 |
_aCONVERSION _b10 _c20130109 _lUCH01 _h1332 |
||
| 650 | 1 | 4 |
_aAgricultura _xEstadísticas _zTamaulipas. _91469 |
| 650 | 1 | 4 |
_aGanadería _xEstadísticas _zTamaulipas. _944728 |
| 650 | 1 | 4 |
_aTamaulipas _xCondiciones económicas. _9111522 |
| 650 | 1 | 4 |
_aTamaulipas _xCondiciones sociales. _9111524 |
| 650 | 1 | 4 |
_aTamaulipas _xEstadísticas. _9111529 |
| 901 | _aBK | ||
| 942 | _cLIBRO | ||
| 949 |
_a338.972 I59 1995 Tamps. _bBC _cINEGI _d33724000670246 _eINEGI _gI. c/e _h90767 _i65645 _si _t28.00 |
||
| 949 |
_a338.972 I59 1995 Tamps. _bBC _cINEGI _d33724000670253 _eINEGI _fv.1 c.2 _gI. c/e _h90768 _i65645 _si _t28.00 |
||
| 949 |
_a338.972 I59 1995 Tamps. _bBC _cINEGI _d33724000670295 _eINEGI _fv.2 _gI. c/e _h90769 _i65645 _si _t28.00 |
||
| 949 |
_a338.972 I59 1995 Tamps. _bBC _cINEGI _d33724000670303 _eINEGI _fv.2 c.2 _gI. c/e _h90770 _i65645 _si _t28.00 |
||
| 949 |
_a338.972 I59 1995 Tamps. _bBC _cINEGI _d33724000670311 _eINEGI _fv.3 _gI. c/e _h90771 _i65645 _si _t28.00 |
||
| 949 |
_a338.972 I59 1995 Tamps. _bBC _cINEGI _d33724000670329 _eINEGI _fv.3 c.2 _gI. c/e _h90772 _i65645 _si _t28.00 |
||
| 999 |
_c60507 _d60507 |
||